Historia de la vida, hechos y astucias sutilísimas del rústico Bertoldo, la de Bertoldino su hijo, y la de Cacaseno su nieto (Record no. 178800)
[ view plain ]
| 000 -LEADER | |
|---|---|
| campo de control de longitud fija | 01018nam a2200229 i 4500 |
| 001 - NÚMERO DE CONTROL | |
| campo de control | 178800 |
| 003 - IDENTIFICADOR DE NÚMERO DE CONTROL | |
| campo de control | ES-MaACL |
| 005 - FECHA Y HORA DE LA ÚLTIMA TRANSACCIÓN | |
| campo de control | 20240129115652.0 |
| 008 - DATOS DE LONGITUD FIJA--INFORMACIÓN GENERAL | |
| campo de control de longitud fija | 110704r20011846sp ah |||| |dspa d |
| 080 ## - NÚMERO DE LA CLASIFICACIÓN DECIMAL UNIVERSAL | |
| Número de la Clasificación Decimal Universal | 821.131.1-3"15" |
| 100 1# - ENTRADA PRINCIPAL--NOMBRE DE PERSONA | |
| Nombre de persona | Croce, Giulio Cesare. |
| 9 (RLIN) | 41659 |
| 245 10 - MENCIÓN DEL TÍTULO | |
| Título | Historia de la vida, hechos y astucias sutilísimas del rústico Bertoldo, la de Bertoldino su hijo, y la de Cacaseno su nieto |
| Resto del título | : obra de gran diversión y suma moralidad... / |
| Mención de responsabilidad, etc. | traducida del idioma toscano al castellano por don Juan Bartolomé. |
| 246 34 - FORMA VARIANTE DEL TITULO | |
| Título propio/Titulo breve | Bertoldo, Bertoldino y Cacaseno |
| 260 ## - PUBLICACIÓN, DISTRIBUCIÓN, ETC. | |
| Lugar de publicación, distribución, etc. | [León] : |
| Nombre del editor, distribuidor, etc. | Librería La Trastienda, |
| Fecha de publicación, distribución, etc. | [2001] |
| 300 ## - DESCRIPCIÓN FÍSICA | |
| Extensión | 298 p. : |
| Otras características físicas | il., grab. ; |
| Dimensiones | 17 cm. |
| 534 ## - NOTA SOBRE LA VERSIÓN ORIGINAL | |
| Frase introductoria | Reprod. de la ed. de: |
| Publicación, distribución, etc. del original | Barcelona : Imp. y Librería de Antonio Sierra, 1846. |
| 700 1# - ENTRADA AGREGADA--NOMBRE PERSONAL | |
| Nombre de persona | Banchieri, Adriano. |
| 9 (RLIN) | 25162 |
| 700 1# - ENTRADA AGREGADA--NOMBRE PERSONAL | |
| Nombre de persona | Bartolomé, Juan. |
| 9 (RLIN) | 147295 |
| 852 ## - LOCALIZACIÓN | |
| Ubicación | ES-MaACL |
| Número de control de estantería | A-11316 |
| itemnumber | 185661 |
| Sublocalización o colección | R.145653 |
| Ubicación en estantería | Depósito 1 |
| Signatura antigua | Olim: N-4320 |
| 942 ## - ELEMENTOS DE ENTRADA SECUNDARIOS (KOHA) | |
| Fuente del sistema de clasificación o colocación | Clasificación decimal universal |
| Tipo de ítem Koha | Libro impreso |
| Estatus retirado | Estado de pérdida | Fuente del sistema de clasificación o colocación | Estado de daño | No para préstamo | Biblioteca de origen | Biblioteca actual | Ubicación en estantería | Fecha de adquisición | Fuente de adquisición | Total de préstamos | Signatura topográfica completa | Código de barras | Visto por última vez | Precio de reemplazo | Tipo de ítem Koha |
|---|---|---|---|---|---|---|---|---|---|---|---|---|---|---|---|
| Clasificación decimal universal | Biblioteca del Ateneo de Madrid | Biblioteca del Ateneo de Madrid | Depósito 1 | 04/07/2011 | Compra | A-11316 | 1187816 | 23/02/2023 | 23/02/2023 | Libro impreso |
